| 000 | 00812nam a22002057a 4500 | ||
|---|---|---|---|
| 005 | 20230320121348.0 | ||
| 008 | 230301b |||||||| |||| 00| 0 eng d | ||
| 020 | _a9788190216807 | ||
| 041 | _aeng | ||
| 082 |
_a746.44 _bSHR |
||
| 100 | _aShrikant Usha | ||
| 245 | _aDesigns For a Lifetime | ||
| 260 |
_aMumbai _bThe South Pacific Clothes Export Company _c2010 |
||
| 300 | _a207 | ||
| 365 |
_b1750.00 _cRs.00 |
||
| 520 | _aBengal - Kantha Embroidery Gujrat - Rajasthan & Banjara Embroidery Karnataka- Kasuti Embroidery & Phulkari - Punjab Kashmir - Kashida Embroidery Lucknow – Chikankari Surat – Gujrat – Chindi Uttar Pradesh – Zardoshi Embroidery Fun Embroidery – Playing with Stitches Ensambles & Accessories | ||
| 650 |
_aEmbroidery _9119869 |
||
| 942 | _cBK | ||
| 999 |
_c98313 _d98313 |
||